00948nam a2200241Ia 4500003000400000005001700004008004100021020001800062040001800080041000800098082002200106100003000128245009700158250001200255260007200267300003000339650004500369650003400414650003600448942003100484999001900515952017200534OSt20250220084755.0210716s2017 xx 000 0 und d a9789352136568 cAIMIT LIBRARY aeng a006.671 22bEISB aEisenman, Bonnie.9201410 aLearning react native : bbuilding native mobile apps with javascript /cBy Bonnie Eisenman. a1st ed. aNew Delhi :bShroff Publications and Distributers Pvt Ltd ,c2017. axiii,225p. ;bPBc23.4 cm aBuilding your first applications9201411 aComponents for mobile9201412 aModules and native code9201413 2ddccBKe2ndk006.671 EISB c195937d195937 00102ddc40708MCAaAIMITbAIMITeShroff Publishersg575.00iBill no:1652/1718/INV; Bill dt:2l0o006.671 EISBpMCA15450r2026-05-23 00:00:00v431.25w2021-07-16yBK